| 000 | 01324cam a2200337 i 4500 | ||
|---|---|---|---|
| 003 | EG-GICUC | ||
| 005 | 20260121101734.0 | ||
| 008 | 070426s2008 enk frb 001 0 eng d | ||
| 020 |
_a9781847205605 _qhbk. |
||
| 040 |
_aDLC _cDLC _dDLC _dEG-GICUC _beng _erda |
||
| 050 | 0 | 0 |
_aKZ4850 _b.N46 2008 |
| 082 | 0 | 0 |
_a341.48 _221 |
| 092 | 0 | 4 | _221 |
| 099 | _aLaw 11 2008 | ||
| 245 | 0 | 0 |
_aNGOs in international law : _befficiency in flexibility? / _cedited by Pierre-Marie Dupuy, Luisa Vierucci. |
| 264 |
_aCheltenham, UK ; _aNorthampton, MA : _bE. Elgar, _c2008. |
||
| 300 |
_avii, 281 pages ; _c24 cm. |
||
| 336 |
_atext _btxt _2rdacontent |
||
| 337 |
_aComputer _bn _2rdamedia |
||
| 338 |
_aOnline Resource _bnc _2rdacarrier |
||
| 504 | _aIncludes bibliographical references (p. 260-267) and index. | ||
| 505 | 0 | _aNGOs and intergovernmental organizations -- NGOs, international courts, and compliance review mechanisms. | |
| 650 | 0 |
_aNon-governmental organizations _xLaw and legislation. |
|
| 650 | 0 |
_aNonprofit organizations _xLaw and legislation. |
|
| 700 | 1 | _aDupuy, Pierre-Marie. | |
| 700 | 1 | _aVierucci, Luisa. | |
| 856 | 4 | 1 | _uhttps://fll.law.cu.edu.eg/fulltext/bks/ENGB11-00073.pdf |
| 856 | 4 | 1 |
_3Table of contents only _uhttp://www.loc.gov/catdir/toc/ecip0716/2007017596.html |
| 905 | _a10 | ||
| 942 |
_2ddc _cBK _e21 _n0 |
||
| 999 |
_c57423 _d57423 |
||